000 00647nam a2200217Ia 4500
005 20241129104342.0
008 241129s9999||||xx |||||||||||||| ||und||
020 _a9781108836333
037 _aTextual
040 _aRTL
_beng
_cRTL
041 _aeng
_2eng
084 _aY53.2 R0
_qRTL
100 _aAslany Maryam
_9476518
245 0 _aContested capital: Rural middle classes in India
_cAslany Maryam
260 _aUK
_bCambridge University Press
_c2020
300 _axxiii,299p.
365 _aINR
_b995
650 _aEconomic Dynamics of Rural Middle Classes
_9725958
942 _cTB
_hY53.2 R0
999 _c1225526
_d1225526